驻巴为铁 : 读懂中巴经济走廊时代的巴基斯坦=Serving as an Iron in Pakistan: Understanding Pakistan in the Era of China-Pakistan Economic Corridor (Record no. 591809)
[ view plain ]
| 000 -LEADER | |
|---|---|
| fixed length control field | 00510nam a22001457a 4500 |
| 020 ## - INTERNATIONAL STANDARD BOOK NUMBER | |
| International Standard Book Number | 9787507844757 |
| 082 ## - DEWEY DECIMAL CLASSIFICATION NUMBER | |
| Classification number | 338.95491 |
| Author Mark | WAN |
| 100 ## - MAIN ENTRY--PERSONAL NAME | |
| Personal name | Wang, Qi |
| 245 ## - TITLE STATEMENT | |
| Title | 驻巴为铁 : 读懂中巴经济走廊时代的巴基斯坦=Serving as an Iron in Pakistan: Understanding Pakistan in the Era of China-Pakistan Economic Corridor |
| Statement of responsibility, etc. | Wang, Qi |
| 250 ## - EDITION STATEMENT | |
| Edition statement | (Chinese edition) |
| 260 ## - PUBLICATION, DISTRIBUTION, ETC. | |
| Place of publication, distribution, etc. | Beijing |
| Name of publisher, distributor, etc. | China International Broadcasting Press |
| Date of publication, distribution, etc. | 2019 |
| 300 ## - PHYSICAL DESCRIPTION | |
| Extent | 231p |
| 563 ## - BINDING INFORMATION | |
| Binding note | PB |
| 942 ## - ADDED ENTRY ELEMENTS (KOHA) | |
| Source of classification or shelving scheme | |
| Koha item type | Book |
| Withdrawn status | Lost status | Source of classification or shelving scheme | Materials specified (bound volume or other part) | Damaged status | Not for loan | Permanent Location | Current Location | Shelving location | Date acquired | Source of acquisition | Total Checkouts | Full call number | Barcode | Date last seen | Price effective from | Koha item type |
|---|---|---|---|---|---|---|---|---|---|---|---|---|---|---|---|---|
| Donated by Chinese embassy in Pakistan | Central Library (CL) | Central Library (CL) | Chinese Studies | 10/14/2022 | Donation | 338.95491 WAN | CL-D-1913 | 10/14/2022 | 10/14/2022 | Book |
